1789 1524 1675 1281 1764 1317 1832 1944 1763 1261 1634 1402 1348 1861 1404 1600 1356 1420 1098 1940 1321 1021 1587 1695 1703 1307 1673 1682 1167 1449 1700 1764 1172 1085 1886 1132 1282 1360 1118 1218 1009 1157 1234 1703 1382 1973 1201 1136 1920 1644 1247 1011 1930 1399 1426 1869 1141 1118 1866 1778 1975 1328 1487 1549 1687 1212 1969 1465 1596 1947 1480 1457 1841 1999 1396 1954 1527 1546 1747 1421 1287 1369 1857 1153 1697 1474 1915 1799 1505 1462 1573 1272 1697 1113 1913 1877 1167 1454 1078 BCNSPRNW ULIB Ver.6.0+V

เปลี่ยนเป็นภาษาไทย

Change to English
 แสดงรายละเอียดบรรณานุกรม
  กลับหน้าหลัก

Brief Record : Get Marc (ISO 2709) : E-mail record : QR code < ปิดหน้าต่าง
LEADER : 00000nam 2200000uu 4500
001    13399109921
003     ULIB
008    110418s2549||||th 000 0 tha d
020    9749414233
060 04 WE334^bอ795R 2549
245 00 Rheumatology for the non-rheumatologist /^cบรรณาธิการ,อัจฉรา กุลวิสุทธิ์,ไพจิตต์ อัศวธนบดี
250    พิมพ์ครั้งที่ 1
260    กรุงเทพฯ :^bสมาคมรูมาติสซั่มแห่งประเทศไทย,^c2549
300    160 หน้า :^bภาพประกอบ ;^c27 ซม.
650  2 Rheumatology
650  7 รูห์มาติสม
650  7 ข้อ, โรค
700 0  อัจฉรา กุลวิสุทธิ์,^eบรรณาธิการ
700 0  ไพจิตต์ อัศวธนบดี,^eบรรณาธิการ
710 2  สมาคมรูมาติสซั่มแห่งประเทศไทย
945    ^p180^l0^i018872
995    ทศพร
999 ^a ใช้งานได้ทุกระบบ
รายการนี้ยังไม่มีแท็ก
คุณยังไม่ได้ล็อกอิน คุณสามารถมีกิจกรรมร่วมกับเว็บไซต์ได้ แต่ต้องล็อกอินก่อน ::
  ล็อกอิน

รายการสื่อสารสนเทศ

ลำดับที่ ประเภท เลขเรียก/บาร์โค้ด สถานที่ สถานะ
- ไม่พบข้อมูล -

รายการใกล้เคียง
    หัวเรื่อง [Rheumatology]
    หัวเรื่อง [รูห์มาติสม]
    หัวเรื่อง [ข้อ, โรค]

BibComment


ยังไม่เคยถูกคอมเมนท์

คอมเมนท์ทรัพยากรรายการนี้
  คอมเมนท์: Rheumatology for ..


 Copyright 2026. Bcnsprnw @Library